| 000 | 02790cam a2200517 i 4500 | ||
|---|---|---|---|
| 003 | OSt | ||
| 005 | 20210924094852.0 | ||
| 008 | 981118s1994 ck ad fr 000 0 spa d | ||
| 020 | _a9586015116 | ||
| 040 |
_aCO-BoPUJ _cCO-JMCR |
||
| 041 | 0 | _aspa | |
| 082 | 0 | 4 |
_a338.109861 / _bC718a _221 |
| 110 | 1 |
_aColombia. _bMinisterio de Agricultura _938268 |
|
| 245 | 1 | 0 |
_aMinagricultura 80 años : _bEl agro y la cuestión social / _cMinisterio de Agricultura ; Catherine Legrand, Alfredo Molano Bravo, Darío Fajardo Montaña, [Y otros 12] |
| 250 | _aPrimera edición. | ||
| 260 |
_aBogotá : _bTercer Mundo, _c1994. |
||
| 300 |
_a417 páginas : _bilustraciones, cuadros y gráficas ; _c23 cm |
||
| 504 | _aBibliografía : páginas 401-417. | ||
| 505 | _tColonización y conflicto en el sector rural. -- Pobreza rural. -- Movimientos sociales. -- Desarrollo rural. -- Estrategias para la paz. | ||
| 520 | 0 | _aLos artículos presentados en esta colección ponen de manifiesto que los temas sociales son de la mayor relevancia para la comprensión de lo que ha sido la evolución de la problemática agraria en Colombia. El destacado papel de los actores sociales del sector rural, que cada vez L hacen más presencia en la vida nacional e influyen más en nuestro destino, queda al descubierto en estas lecturas, que recuerdan permanentemente cómo los problemas agrarios no están centrados solamente en la producción y en el suministro de alimentos. | |
| 650 | 1 | 4 |
_aAgricultura _xAspectos económicos _zColombia _97065 |
| 650 | 2 | 4 |
_aSociología rural _zColombia _940020 |
| 650 | 2 | 4 |
_aReforma agraria _zColombia _913644 |
| 650 | 2 | 4 |
_aColonización de tierras _zColombia _940021 |
| 650 | 2 | 4 |
_aAgricultura y estado _zColombia _938086 |
| 650 | 2 | 4 |
_aMacroeconomía _940784 |
| 650 | 2 | 4 |
_aCafé _xMercadeo _940023 |
| 650 | 2 | 4 |
_aInmunogenética veterinaria _xAspectos económicos _940024 |
| 650 | 2 | 4 |
_aMovimientos campesinos _zColombia _940025 |
| 650 | 2 | 4 |
_aProductos agrícolas _xComercio _940026 |
| 650 | 2 | 4 |
_aDesarrollo rural _xhistoria _y1961-1993 _zColombia _940027 |
| 650 | 2 | 4 |
_aCampesinos _xHistoria _zColombia _940028 |
| 650 | 2 | 4 |
_aPobreza _xHistoria _zColombia _940029 |
| 650 | 2 | 4 |
_aMujeres campesinas _xCondiciones sociales _zColombia _940030 |
| 700 | 1 |
_aKalmanovitz Krauter, Salomón _eautor _912482 |
|
| 700 | 1 |
_aLeGrand, Catherine _eautora _940785 |
|
| 700 | 1 |
_aGarcía García, Jorge _eautora _940102 |
|
| 700 | 1 |
_aKalmanovitz Krauter, Salomón _eautor _912482 |
|
| 710 | 2 |
_aEmpresa de Acueducto y Alcantarillado de Bogotá _96740 |
|
| 710 | 2 |
_aBanco Ganadero _940106 |
|
| 710 | 2 |
_aCaja Agraria _940107 |
|
| 740 | 3 | _aEl agro y la cuestión social | |
| 740 | 0 | _aTransformaciones en la estructura Agraria | |
| 740 | 3 | _aLa agricultura y las politicas sectoriales | |
| 942 |
_2ddc _cBK |
||
| 999 |
_c12580 _d12580 |
||